One Tree Hill Appearances Quiz Stats

Quiz not verified by Sporcle

Challenge
Share
Tweet
Embed
Score 0/49 Timer 10:00
0 Plays Today
Number of Episodes Character % Correct
182Nathan Scott
97%
187Haley James Scott
96.9%
187Brooke Davis
96.2%
132Lucas Scott
96.2%
159Dan Scott
95.2%
130Peyton Sawyer
95.1%
171Marvin 'Mouth' McFadden
93.6%
91Karen Roe
93%
106Deb Scott
92.8%
99Jamie Lucas Scott
92.2%
108Antwon 'Skills' Taylor
89.9%
68Keith Scott
89.4%
71Julian Baker
86.6%
57Quinn James
86.6%
57Clayton Evans
85.8%
57Chase Adams
85.8%
43Alex Dupre
84.3%
92Millicent Huxtable
83.9%
53Rachel Gattina
82.2%
35Mia Catalano
80.7%
41Victoria Davis
76.4%
91Coach Whitey Durham
73.4%
45Fergie Thompson
73.2%
42Junk Moretti
72%
29Chris Keller
71.5%
Number of Episodes Character % Correct
13Owen Morello
70.8%
12Felix Taggaro
70.2%
38Bevin Mirskey
69.5%
12Anna Taggaro
69.3%
19Andy Hargrove
66.7%
33Tim Smith
66.1%
26Jake Jagielski
64.8%
31Chuck Scolnik
60.6%
20Lauren
58.3%
19Samantha Walker
57.6%
15Carrie
56.6%
17Quentin Fields
55.1%
17Lindsey Strauss
53.9%
10Nicki
52%
16Madison
49.5%
11Jules
49%
13Katie Ryan
48.2%
18Gigi Silveri
47.5%
10Alexander Coin
39.7%
10Grubbs
36.4%
12Miranda Stone
35.9%
11Paul Norris
34.7%
18Principal Turner
26.9%
18Jerry
21.6%

You're not logged in!

Compare scores with friends on all Sporcle quizzes.
Join for Free
OR
Log In

You Might Also Like...

Show Comments

Extras

Top Quizzes Today


Score Distribution

Your Account Isn't Verified!

In order to create a playlist on Sporcle, you need to verify the email address you used during registration. Go to your Sporcle Settings to finish the process.

Report this User

Report this user for behavior that violates our Community Guidelines.

Details: